| 000 | 00652nam a2200205 a 4500 | ||
|---|---|---|---|
| 001 | 000045697 | ||
| 005 | 20201002052408.0 | ||
| 008 | 150428s2000 dr 000 p spa d | ||
| 020 | _a9993400556 | ||
| 040 |
_aDO-SdBNP _bspa _cBNPHU |
||
| 082 |
_axxxx _bxxxx |
||
| 100 | 1 |
_aJavier, Adrián, _d1967- _98447 |
|
| 245 | 1 | 0 |
_aEscribir en femenino / _cAdrián Javier. |
| 260 |
_aSanto Domingo : _bCorripio, _c2000. |
||
| 300 |
_a94 p. ; _c23 cm. |
||
| 490 | 1 | _aEl pez rojo | |
| 500 | _aIncluye datos biográficos del autor en la solapa de la cubierta. | ||
| 500 | _aPerteneció a la biblioteca personal de Erick Landestoy. | ||
| 830 | 0 |
_aEl pez rojo _925141 |
|
| 999 |
_c45186 _d45186 |
||